| 000 | 01174nam a2200337 a 4500 | ||
|---|---|---|---|
| 001 | 000043888 | ||
| 003 | DO-SdBNP | ||
| 005 | 20180314085632.0 | ||
| 007 | 000043888 | ||
| 008 | 140613s1997 dr a 000 0 spa d | ||
| 020 | _a8482610430 | ||
| 040 |
_aBPMSU _bspa _cBPMSU |
||
| 100 | 1 | _aMontero, Jenny | |
| 245 | 1 | 3 |
_aIguanita 4 : _beducación inicial / _cJenny Montero, María Isabel Incháustegui ; direción editorial Obdulia García de Escobar ; ilustración Ruddy Núñez ; editor Manuel Núñez. |
| 246 | 1 | 3 | _aIguanita |
| 260 |
_aSanto Domingo : _bSantillana, _c1997 |
||
| 300 |
_a288 p. : _bil. ; _c25 cm. |
||
| 490 | 1 | _aLibros de iguanita | |
| 700 | 1 | _aIncháustegui, María Isabel | |
| 700 | 1 | 2 |
_aGarcía de Escobar, Obdulia, _eed. |
| 700 | 1 | 2 |
_aNúñez, Ruddy, _eil. |
| 700 | 1 | 2 |
_aNúñez, Manuel, _eed. |
| 830 | 0 | _aLibros de iguanita | |
| 930 | 1 |
_lBND01 _mLF1 _820140613 _f01 _pCT _g45196 |
|
| 942 |
_2ddc _cBK |
||
| 945 | _ainventariado, 2018 / dg | ||
| 956 |
_aDGARCIA _b10 _c20140613 _lBND01 _h0844 |
||
| 956 |
_aVMATEO _b10 _c20140613 _lBND01 _h0940 |
||
| 956 |
_aVMATEO _b10 _c20150910 _lBPMSU _h00151 |
||
| 956 |
_aLOPEREZ _b10 _c20160427 _lBPMSU _h00041 |
||
| 999 |
_c9932 _d9932 |
||